[Event "Stuttgart-chB int"]
[Site "Ditzingen"]
[Date "2009.05.24"]
[Round "7"]
[White "Zeyer, Gabriel"]
[Black "Schaefer Siebert, Carsten"]
[Result "0-1"]
[WhiteElo "1461"]
[BlackElo "1596"]
[PlyCount "54"]
[EventDate "2009.05.21"]
[EventType "swiss"]
[EventRounds "7"]
[EventCountry "GER"]
[SourceTitle "EXT 2018"]
[Source "ChessBase"]
[SourceDate "2017.10.13"]
[SourceVersion "1"]
[SourceVersionDate "2017.10.13"]
[SourceQuality "1"]

1. c4 Nf6 2. d4 g6 3. Nc3 Bg7 4. e4 d6 5. Bg5 0-0 6. Be2 e5 7. d5 Nbd7 8. Bg4 Qe8 9. Bxd7 Bxd7 10. Nge2 h6 11. Bh4 Nh7 12. 0-0 f5 13. f3 f4 14. g4 fxg3 15. hxg3 g5 16. Kf2 gxh4 17. gxh4 Qh5 18. Ke3 Qxh4 19. Qe1 Qxe1 20. Raxe1 Ng5 21. f4 exf4+ 22. Nxf4 Bxc3 23. bxc3 Rae8 24. Rg1 Rxe4+ 25. Kd3 Rxe1 26. Rxe1 Rxf4 27. Re7 Rf7 0-1

[Event "Stuttgart-chB int"]
[Site "Ditzingen"]
[Date "2008.05.01"]
[Round "1"]
[White "Mueller, Nils Samuel"]
[Black "Schaefer Siebert, Carsten"]
[Result "1-0"]
[WhiteElo "1738"]
[BlackElo "1565"]
[PlyCount "123"]
[EventDate "2008.05.01"]
[EventType "swiss"]
[EventRounds "7"]
[EventCountry "GER"]
[SourceTitle "EXT 2018"]
[Source "ChessBase"]
[SourceDate "2017.10.13"]
[SourceVersion "1"]
[SourceVersionDate "2017.10.13"]
[SourceQuality "1"]

1. e4 e6 2. d4 d5 3. Nc3 Nf6 4. Bg5 Be7 5. e5 Nfd7 6. Bxe7 Qxe7 7. f4 a6 8. Nf3 c5 9. Qd2 Nc6 10. g4 cxd4 11. Ne2 Nc5 12. Nexd4 Ne4 13. Nxc6 Nxd2 14. Nxe7 Nxf3+ 15. Kf2 Nd4 16. c3 Nc6 17. Nxc6 bxc6 18. b3 0-0 19. Bg2 Ra7 20. Rhd1 f6 21. Kg3 fxe5 22. fxe5 Raf7 23. Rf1 Rxf1 24. Rxf1 Rxf1 25. Bxf1 g5 26. b4 Kf7 27. Bd3 h6 28. a4 Ke7 29. h4 Kd8 30. h5 Kc7 31. Kf3 Kb6 32. a5+ Kc7 33. Ke3 Bb7 34. Kd4 Bc8 35. Kc5 Bb7 36. Bg6 Bc8 37. Bf7 Bd7 38. Bg6 Bc8 39. Be8 Bb7 40. Bg6 Bc8 41. Bd3 Bb7 42. c4 Bc8 43. cxd5 exd5 44. Kd4 Be6 45. Bf5 Bxf5 46. gxf5 Kd7 47. Ke3 Ke7 48. Kd4 Kf7 49. Kd3 Ke7 50. Ke3 Kf7 51. Kf3 Ke7 52. Ke3 Kf7 53. Kd4 Ke7 54. Ke3 Kf7 55. f6 Ke6 56. Kf3 Kf7 57. Kg3 Ke6 58. Kg4 Kf7 59. Kf5 Kf8 60. e6 Ke8 61. f7+ Ke7 62. Kg6 1-0

[Event "Stuttgart-chB int"]
[Site "Ditzingen"]
[Date "2006.05.27"]
[Round "5"]
[White "Fischer, Stefan Joachim"]
[Black "Schaefer Siebert, Carsten"]
[Result "1-0"]
[WhiteElo "1685"]
[BlackElo "1452"]
[PlyCount "103"]
[EventDate "2006.05.25"]
[EventType "swiss"]
[EventRounds "7"]
[EventCountry "GER"]
[SourceTitle "EXT 2018"]
[Source "ChessBase"]
[SourceDate "2017.10.13"]
[SourceVersion "1"]
[SourceVersionDate "2017.10.13"]
[SourceQuality "1"]

1. e4 e6 2. d4 d5 3. Nc3 Nf6 4. Bg5 Be7 5. e5 Nfd7 6. Bxe7 Qxe7 7. f4 c5 8. Nf3 Nc6 9. Nb5 0-0 10. dxc5 Qxc5 11. Qd2 f6 12. Nbd4 Qe7 13. exf6 Qxf6 14. 0-0-0 Nc5 15. g3 Bd7 16. Qe3 b6 17. Re1 Rae8 18. Nxc6 Bxc6 19. Ne5 Bb7 20. Bg2 Rd8 21. Qd4 a5 22. Nf3 Rfe8 23. Bf1 Bc6 24. Ne5 Rc8 25. Nxc6 Rxc6 26. Qxf6 gxf6 27. Bb5 Rcc8 28. Bxe8 Rxe8 29. Re2 Kf7 30. Rd1 f5 31. c3 Ne4 32. Kc2 b5 33. Rd4 Rc8 34. Re3 h5 35. b3 Ke7 36. a4 bxa4 37. Rxa4 Rc5 38. Rd3 Kf7 39. Kb2 Rb5 40. c4 dxc4 41. Rxc4 Kf6 42. Ka3 Nc5 43. Rdc3 Ne4 44. Rc2 Rd5 45. Ka4 Nd2 46. Rc6 Nf3 47. Ra6 Nd4 48. Rd2 Kf7 49. Ra7+ Kf6 50. Ra6 Kf7 51. Rd3 Ke7 52. Rxa5 1-0

[Event "Stuttgart-chB int"]
[Site "Ditzingen"]
[Date "2006.05.26"]
[Round "3"]
[White "Kunert, Ernst"]
[Black "Schaefer Siebert, Carsten"]
[Result "0-1"]
[WhiteElo "1057"]
[BlackElo "1452"]
[PlyCount "78"]
[EventDate "2006.05.25"]
[EventType "swiss"]
[EventRounds "7"]
[EventCountry "GER"]
[SourceTitle "EXT 2018"]
[Source "ChessBase"]
[SourceDate "2017.10.13"]
[SourceVersion "1"]
[SourceVersionDate "2017.10.13"]
[SourceQuality "1"]

1. f4 d5 2. b3 Bf5 3. Bb2 Nf6 4. Nf3 Nc6 5. e3 e6 6. Bb5 Qd6 7. 0-0 a6 8. Bxc6+ Qxc6 9. d3 Bc5 10. Qe1 0-0-0 11. Ne5 Qe8 12. Nc3 Nd7 13. Na4 Qf8 14. Nxd7 Rxd7 15. Nxc5 Qxc5 16. Rc1 f6 17. d4 Qe7 18. c4 Rg8 19. Qa5 g5 20. g3 h5 21. c5 c6 22. Kf2 Qh7 23. Rg1 Qh6 24. Qb6 Kb8 25. Rc3 h4 26. g4 Be4 27. Bc1 f5 28. h3 fxg4 29. Rxg4 Bf5 30. fxg5 Qh5 31. Rf4 Qxg5 32. e4 Qg2+ 33. Ke1 Bxh3 34. Rcf3 Qg1+ 35. Kd2 Rg2+ 36. Kc3 Qxc1+ 37. Kb4 Qd2+ 38. Ka4 Qxd4+ 39. Qb4 Rxa2# 0-1